Deutsche YouTuber/Streamer #4 - Statistiken

Allgemein
  • Dieses Quiz wurde 115 mal gespielt
  • Das Durchschnittsergebnis liegt bei 5 aus 12
Antwortstatistiken
Bürgerlicher Name Kanal % Korrekt
Marcel Thomas Andreas Eris MontanaBlack
75%
Wieland Welte Rumathra
71%
Hugo Goedert LetsHugo
69%
Dagmar Nicole Kazakov Dagi Bee
58%
Patrick Mayer Paluten
57%
Luca Thilo Scharpenberg Concrafter/laserluca
54%
Jean Pierre Kraemer JP Performance
41%
Ahmad Nadim Ahadi ApoRed
31%
Zelemkhan Arsanov Mois
8%
Timoteo Micael Gonzalez Gonzalez LiontTV
6%
Janis Daniel Restle Jay Jiggy
4%
Alexander Reinhard AlexiBexi
2%
Keine übereinstimmenden Quizze gefunden
Verteilung der Resultate
Anzahl Personen mit jedem Resultat
Perzentil nach korrekt beantworteten Fragen
Ihre Resultats-Entwicklung
Sie haben dieses Quiz noch nicht gespielt